March Of The Black Queen - Queen (All Lyrics) - Statistics

General Stats
  • This quiz has been taken 27 times
  • The average score is 305 of 404
Answer Stats
Hint Answer % Correct
a
100%
A
100%
(A
100%
an
100%
And
100%
and
100%
(and
100%
Black
100%
black
100%
Intro | x2 Do
100%
do
100%
I
100%
(March
100%
march
100%
n****r
100%
of
100%
Queen,
100%
Queen)
100%
Queen
100%
the
100%
Fo
95%
fo
95%
go
95%
her
95%
me
95%
me,
95%
my
95%
My
95%
to
95%
To
95%
you
95%
You
95%
all
90%
be
90%
in
90%
In
90%
life
90%
little
90%
sugar
90%
that,
90%
that
90%
this,
90%
baby
85%
boy,
85%
boy
85%
can
85%
don't
85%
Fie
85%
fie
85%
follow
85%
hand,
85%
hand
85%
it?
85%
it,
85%
it
85%
it)
85%
Make
85%
make
85%
where
85%
Why
85%
why
85%
With
85%
with
85%
your
85%
bring
80%
comes
80%
Every
80%
every
80%
Chorus Here
80%
is
80%
i's
80%
marching
80%
mean
80%
night
80%
no
80%
so
80%
Take
80%
take
80%
them
80%
then
80%
Then
80%
what
80%
hands,
75%
I'll
75%
joy)
75%
left
75%
like
75%
Like
75%
love
75%
never
75%
rule
75%
single
75%
bit
70%
file
70%
honey
70%
Lies
70%
light
70%
noise
70%
oil
70%
right
70%
angel
65%
bad
65%
choose
65%
discover
65%
dub-a
65%
each
65%
end
65%
Everything
65%
got
65%
his
65%
on,
65%
on
65%
pile
65%
poking
65%
rub-a
65%
time
65%
will
65%
about
60%
are
60%
back
60%
x2 begun,
60%
belly
60%
boys
60%
darkness,
60%
deliver
60%
even
60%
going
60%
I'm
60%
I've
60%
Let
60%
lord
60%
naughty
60%
now
60%
Now
60%
Verse2 Put
60%
Remember
60%
reminds
60%
seen
60%
speed
60%
tell
60%
alive
55%
behind
55%
cellar
55%
coming
55%
delight
55%
down
55%
from
55%
full
55%
give
55%
heaven
55%
making
55%
Ooh,
55%
out
55%
power
55%
She
55%
she
55%
up
55%
very
55%
world
55%
Verse1 You've
55%
babies
50%
He'll
50%
hell
50%
keep
50%
man
50%
reign
50%
size
50%
soul
50%
Spread
50%
wings,
50%
yes
50%
allow
45%
Blue
45%
But
45%
monkeys
45%
nothing
45%
singing
45%
voice
45%
dead
40%
nail
40%
powder
40%
soon
40%
Water
40%
x4 Ah,
35%
x5 Ah
35%
finger
35%
lily-pool
35%
only
35%
praying
35%
She's
35%
(She's
35%
'till
35%
toe,
35%
we've
35%
wherefore
35%
boils
30%
chile,
30%
devil
30%
dots
30%
Outro Forget
30%
it's
30%
bakes
25%
bears
25%
Dance
25%
fireflies
25%
forever)
25%
forever
25%
x4 (La
25%
pies
25%
style
25%
beat
20%
deceive
20%
gone
20%
tattoos
20%
Verse5 Walking
20%
band
15%
lullabies
15%
singalongs
15%
Surrender
15%
'buse,
10%
city
10%
(Oooh,
10%
vile
10%
vulgar,
10%
leader)
5%
our
5%
true
5%
No matching quizzes found
Score Distribution
Percent of People with Each Score
Percentile by Number Answered
Your Score History
You have not taken this quiz